[Event "SVK-chT2B 0708"]
[Site "Slovakia"]
[Date "2007.10.06"]
[Round "1.6"]
[White "Gazik, Renata"]
[Black "Siroky, Jan"]
[Result "1/2-1/2"]
[WhiteElo "2191"]
[BlackElo "2228"]
[PlyCount "26"]
[EventDate "2007.10.06"]
[EventType "team-tourn"]
[EventRounds "11"]
[EventCountry "SVK"]
[SourceTitle "EXT 2010"]
[Source "ChessBase"]
[SourceDate "2010.11.25"]
[SourceVersion "1"]
[SourceVersionDate "2010.11.25"]
[SourceQuality "1"]
[WhiteTeam "Prievidza SK II"]
[BlackTeam "Tlmace SK"]
[WhiteTeamCountry "SVK"]
[BlackTeamCountry "SVK"]

1. d4 Nf6 2. Nf3 g6 3. Bg5 Bg7 4. Nbd2 c5 5. e3 0-0 6. c3 b6 7. Bd3 Bb7 8. 0-0 d6 9. b4 Nbd7 10. Qb1 Qc7 11. a4 e5 12. a5 Rfe8 13. e4 h6 1/2-1/2

[Event "HUN-chT2 Charousek 0607"]
[Site "Hungary"]
[Date "2007.05.06"]
[Round "10"]
[White "Keresztes, Mark"]
[Black "Siroky, Jan"]
[Result "0-1"]
[WhiteElo "2145"]
[BlackElo "2252"]
[PlyCount "58"]
[EventDate "2006.11.12"]
[EventType "team"]
[EventRounds "11"]
[EventCountry "HUN"]
[SourceTitle "EXT 2008"]
[Source "ChessBase"]
[SourceDate "2007.11.25"]
[SourceVersion "1"]
[SourceVersionDate "2007.11.25"]
[SourceQuality "1"]
[WhiteTeam "Barcza"]
[BlackTeam "Pannonpower"]
[WhiteTeamCountry "HUN"]
[BlackTeamCountry "HUN"]

1. c4 Nf6 2. Nc3 d5 3. cxd5 Nxd5 4. e4 Nxc3 5. bxc3 g6 6. Bc4 Bg7 7. Nf3 c5 8. Qb3 0-0 9. Ba3 Qc7 10. Ng5 e6 11. 0-0 Rd8 12. f4 Nc6 13. f5 Na5 14. Qa4 Nxc4 15. Qxc4 exf5 16. exf5 Bxf5 17. d4 h6 18. Nf3 b6 19. Rad1 Qf4 20. Rde1 Be6 21. Rxe6 fxe6 22. Ne5 Qe3+ 23. Kh1 Re8 24. Nxg6 Qe4 25. Nf4 Rf8 26. Bc1 cxd4 27. Bd2 Rac8 28. Qb4 e5 29. Re1 Rxf4 0-1

[Event "HUN-chT2 Charousek 0607"]
[Site "Hungary"]
[Date "2007.03.04"]
[Round "6"]
[White "Papp, Tamas"]
[Black "Siroky, Jan"]
[Result "1/2-1/2"]
[WhiteElo "2253"]
[BlackElo "2252"]
[PlyCount "29"]
[EventDate "2006.11.12"]
[EventType "team"]
[EventRounds "11"]
[EventCountry "HUN"]
[SourceTitle "EXT 2008"]
[Source "ChessBase"]
[SourceDate "2007.11.25"]
[SourceVersion "1"]
[SourceVersionDate "2007.11.25"]
[SourceQuality "1"]
[WhiteTeam "Decs"]
[BlackTeam "Pannonpower"]
[WhiteTeamCountry "HUN"]
[BlackTeamCountry "HUN"]

1. e4 e6 2. d4 d5 3. Nc3 dxe4 4. Nxe4 Nd7 5. Bd3 Ngf6 6. Qe2 c5 7. Nxf6+ Nxf6 8. dxc5 Bxc5 9. Bg5 Qa5+ 10. Bd2 Bb4 11. Nf3 Bxd2+ 12. Nxd2 Bd7 13. 0-0 Bc6 14. Nc4 Qd5 15. Ne3 1/2-1/2

[Event "HUN-chT2 Charousek 0607"]
[Site "Hungary"]
[Date "2007.02.18"]
[Round "5"]
[White "Siroky, Jan"]
[Black "Farkas, Zsolt"]
[Result "1-0"]
[WhiteElo "2252"]
[BlackElo "2218"]
[PlyCount "75"]
[EventDate "2006.11.12"]
[EventType "team"]
[EventRounds "11"]
[EventCountry "HUN"]
[SourceTitle "EXT 2008"]
[Source "ChessBase"]
[SourceDate "2007.11.25"]
[SourceVersion "1"]
[SourceVersionDate "2007.11.25"]
[SourceQuality "1"]
[WhiteTeam "Pannonpower"]
[BlackTeam "Csuti II"]
[WhiteTeamCountry "HUN"]
[BlackTeamCountry "HUN"]

1. e4 c5 2. Nf3 Nc6 3. d4 cxd4 4. Nxd4 Nf6 5. Nc3 e5 6. Ndb5 d6 7. Bg5 a6 8. Na3 b5 9. Nd5 Be7 10. Bxf6 Bxf6 11. c3 Ne7 12. Nc2 Bb7 13. Nce3 Bg5 14. Nxe7 Bxe7 15. Nd5 0-0 16. g3 Rb8 17. Bg2 Bxd5 18. Qxd5 b4 19. c4 Qb6 20. b3 Qc5 21. Rd1 Qxd5 22. Rxd5 Rfc8 23. Ke2 Rc5 24. Rhd1 Rbc8 25. Bh3 Rxd5 26. Rxd5 Rc5 27. f4 Rxd5 28. cxd5 f6 29. Kd3 exf4 30. gxf4 g5 31. Kc4 a5 32. Kb5 Bd8 33. Kc6 Be7 34. Kd7 Kf7 35. Be6+ Kf8 36. Bg4 Kf7 37. Bh5+ Kf8 38. f5 1-0

[Event "SVK-chT2B 0607"]
[Site "Slovakia"]
[Date "2006.12.17"]
[Round "6.2"]
[White "Magerciak, Roman"]
[Black "Siroky, Jan"]
[Result "0-1"]
[WhiteElo "1957"]
[BlackElo "2252"]
[PlyCount "54"]
[EventDate "2006.10.14"]
[EventType "team-tourn"]
[EventRounds "11"]
[EventCountry "SVK"]
[SourceTitle "EXT 2008"]
[Source "ChessBase"]
[SourceDate "2007.11.25"]
[SourceVersion "1"]
[SourceVersionDate "2007.11.25"]
[SourceQuality "1"]
[WhiteTeam "Povazska Bystrica II"]
[BlackTeam "Tlmace"]
[WhiteTeamCountry "SVK"]
[BlackTeamCountry "SVK"]

1. d4 Nf6 2. c4 g6 3. Nc3 d5 4. g3 Bg7 5. Bg2 c6 6. Nf3 0-0 7. 0-0 dxc4 8. Ne5 Ng4 9. Nxg4 Bxg4 10. h3 Be6 11. e3 Nd7 12. Qe2 Qc8 13. Kh2 b5 14. f4 Nb6 15. a4 b4 16. Ne4 a5 17. Nc5 f5 18. Nxe6 Qxe6 19. Bd2 Bxd4 20. Bxc6 Rac8 21. Bb7 Rc7 22. Qg2 Bxb2 23. Rab1 c3 24. Rxb2 cxb2 25. Bxb4 Rb8 26. Bf3 Qb3 27. Bxa5 Rc2 0-1

[Event "SVK-chT2B 0607"]
[Site "Slovakia"]
[Date "2006.12.16"]
[Round "5.2"]
[White "Nagy, Attila2222"]
[Black "Siroky, Jan"]
[Result "1/2-1/2"]
[WhiteElo "2120"]
[BlackElo "2252"]
[PlyCount "83"]
[EventDate "2006.10.14"]
[EventType "team-tourn"]
[EventRounds "11"]
[EventCountry "SVK"]
[SourceTitle "EXT 2008"]
[Source "ChessBase"]
[SourceDate "2007.11.25"]
[SourceVersion "1"]
[SourceVersionDate "2007.11.25"]
[SourceQuality "1"]
[WhiteTeam "Sala"]
[BlackTeam "Tlmace"]
[WhiteTeamCountry "SVK"]
[BlackTeamCountry "SVK"]

1. e4 e6 2. d4 d5 3. Nc3 dxe4 4. Nxe4 Nd7 5. Nf3 Ngf6 6. Bg5 Be7 7. Nxf6+ Nxf6 8. Bd3 c5 9. dxc5 Qa5+ 10. Qd2 Qxd2+ 11. Nxd2 Bxc5 12. Bxf6 gxf6 13. Ne4 Be7 14. Bb5+ Bd7 15. Bxd7+ Kxd7 16. 0-0-0+ Kc7 17. Rd3 Rac8 18. Rhd1 Rcd8 19. Rxd8 Rxd8 20. Rxd8 Kxd8 21. g4 Kd7 22. Kd2 Bd8 23. Kd3 Kc6 24. c4 Be7 25. f4 b5 26. f5 a6 27. b3 Bd8 28. h4 h6 29. h5 Be7 30. Kd4 Kb6 31. c5+ Kc6 32. b4 Kc7 33. Nd2 Bd8 34. Nb3 Kd7 35. Ke4 Bc7 36. Nd4 Ke7 37. Kd3 Kd7 38. Nb3 Kc6 39. Ke4 Bg3 40. Nd4+ Kd7 41. Kf3 Be5 42. Ke4 1/2-1/2